Pokemon Generation 6 - Statistics

General Stats
  • This quiz has been taken 1,707 times
  • The average score is 47 of 69
Answer Stats
Hint Answer % Correct
Water/Dark Greninja
95%
Grass Chespin
94%
Water Froakie
94%
Fire Fennekin
90%
Fire/Psychic Delphox
89%
Grass/Fighting Chesnaught
88%
Water Frogadier
87%
Fire/Flying Talonflame
86%
Fire Braixen
83%
Normal/Flying Fletchling
82%
Fairy Xerneas
81%
Dark/Flying Yveltal
81%
Dragon/Ground Zygarde
80%
Fire/Flying Fletchinder
78%
Grass Quilladin
78%
Normal Bunnelby
77%
Normal/Ground Diggersby
75%
Fire/Normal Pyroar
74%
Dragon Goodra
73%
Fire/Normal Litleo
73%
Steel/Ghost Aegislash
71%
Steel/Ghost Doublade
70%
Dragon Goomy
70%
Fighting/Flying Hawlucha
70%
Fighting Pancham
70%
Bug/Flying Vivillon
70%
Steel/Ghost Honedge
68%
Bug Scatterbug
68%
Fairy Flabebe
67%
Fighting/Dark Pangoro
67%
Bug Spewpa
67%
Fairy Florges
66%
Fairy Sylveon
66%
Electric/Fairy Dedenne
65%
Poison/Dragon Dragalge
65%
Ghost/Grass Pumpkaboo
65%
Rock/Dragon Tyrantrum
65%
Rock/Dragon Tyrunt
65%
Flying/Dragon Noibat
64%
Flying/Dragon Noivern
64%
Fairy Floette
63%
Steel/Fairy Klefki
63%
Dragon Sliggoo
63%
Ghost/Grass Trevenant
63%
Grass Gogoat
62%
Electric/Normal Helioptile
62%
Ice Avalugg
61%
Electric/Normal Heliolisk
61%
Dark/Psychic Inkay
61%
Poison/Water Skrelp
61%
Ghost/Grass Phantump
60%
Rock/Fairy Carbink
59%
Ghost/Grass Gourgeist
59%
Dark/Psychic Malamar
59%
Fairy Slurpuff
59%
Rock/Ice Amaura
58%
Rock/Ice Aurorus
58%
Fairy Swirlix
58%
Fairy Aromatisse
57%
Psychic Meowstic
57%
Grass Skiddo
56%
Ice Bergmite
55%
Psychic Espurr
55%
Fairy Spritzee
55%
Rock/Water Barbaracle
53%
Rock/Water Binacle
51%
Normal Furfrou
51%
Water Clawitzer
50%
Water Clauncher
49%
No matching quizzes found
Score Distribution
Percent of People with Each Score
Percentile by Number Answered
Your Score History
You have not taken this quiz